000
00178nam a2200073Ia 4500
008
170817s9999 xx 000 0 und d
100
_a
Rao.N.P
245
0
_a
Educatin And Human Resource
260
_b
A. P. H. PUB.
999
_c
38552
_d
38552